000 00462nam a2200157 4500
020 _a3-8127-0877-9
050 _aTJ950 M418 1990
082 _a629,804.2 M567i
100 _aMeixner, H.
245 _aIntroduccion a la electroneumatica. Manual de estudio / H. Meixner
250 _a4
260 _aFesto Didactic,
300 _a240p/35cm.
440 _aSistema para enseƱanza de la tecnica de automatizacion
650 _a1.INTRODUCCION A LA ELECTRONEUMATICA
999 _c24767
_d24767